|
|
|
|
| LEADER |
00728nam a2200205 a 4500 |
| 001 |
c000093929 |
| 003 |
CARM |
| 005 |
00000000000000.0 |
| 008 |
940527s1965 nyu 00011 eng d |
| 019 |
1 |
|
|a 10929364
|z 27631025
|5 LACONCORD2021
|
| 035 |
|
|
|a (OCoLC)1373359
|5 LACONCORD2021
|
| 040 |
|
|
|a VLINC
|c VLINC
|
| 100 |
1 |
|
|a Charyn, Jerome.
|
| 245 |
1 |
0 |
|a On the darkening green /
|c Jerome Charyn.
|
| 260 |
|
|
|a New York :
|b McGraw-Hill,
|c c1965.
|
| 300 |
|
|
|a 244 p. ;
|c 22 cm.
|
| 852 |
8 |
|
|b CARM
|h A2:AB23A0
|i B02487
|p 0110812
|f BK
|
| 082 |
0 |
4 |
|a 813.54
|2 20
|
| 999 |
f |
f |
|i 4cf620fe-a708-5238-8a10-36f2a0ff5a6a
|s 2dbb39a4-ff61-51ea-bdad-8e244fce0ed0
|
| 952 |
f |
f |
|p Can circulate
|a CAVAL
|b CAVAL
|c CAVAL
|d CARM 1 Store
|e B02487
|f A2:AB23A0
|h Other scheme
|i book
|m 0110812
|